000
00222 a2200097 4500
001
47198
100
_a
Tunstall, B
245
_a
The Realities of Naval History
260
_a
London
_b
George Allen
_c
090
_c
30253
_d
30253
942
_a
NUST-CAE
_c
M
_c
22507
999
_c
282271
_d
282271